000
00322nam a2200133 a 4500
001
4144
005
20140414131854.0
008
090317s19uu xx 00 eng d
050
_a
M 591.754
_b
D45 2006
245
_a
Desert.
260
_a
Great Britain :
_b
Ticktock,
_c
2006.
440
_a
What can eye see?
999
_c
110367
_d
110367